[Event "Charleroi op"]
[Site "Charleroi"]
[Date "2018.08.02"]
[Round "7"]
[White "Guion, Geoffrey"]
[Black "Roos, David"]
[Result "1-0"]
[WhiteElo "1988"]
[BlackElo "2142"]
[PlyCount "97"]
[EventDate "2018.07.28"]
[EventType "swiss"]
[EventRounds "9"]
[EventCountry "BEL"]
[SourceTitle "CBM 185 Extra"]
[Source "ChessBase"]
[SourceDate "2018.07.29"]
[SourceVersion "1"]
[SourceVersionDate "2018.07.29"]
[SourceQuality "1"]

1. e4 c5 2. Nf3 d6 3. Bb5+ Nd7 4. d4 cxd4 5. Qxd4 a6 6. Bxd7+ Bxd7 7. c4 b5 8. Nc3 Rc8 9. cxb5 axb5 10. 0-0 e5 11. Qd3 Qb6 12. Be3 Qb7 13. Rfd1 h6 14. Nd5 Be6 15. Nb6 Bc4 16. Qd2 Rd8 17. Nxe5 Qxe4 18. Nexc4 bxc4 19. Bg5 Be7 20. Bxe7 Nxe7 21. Re1 Qb7 22. Nd5 Rd7 23. Nxe7 Rxe7 24. Qxd6 f6 25. Rxe7+ Qxe7 26. Qb8+ Qd8 27. Re1+ Kf7 28. Qb7+ Kg8 29. h3 Qd3 30. Re7 Qg6 31. Qe4 Kh7 32. Qxc4 Re8 33. Rxe8 Qxe8 34. Qd4 Qc8 35. Qc3 Qd7 36. Qc2+ Kh8 37. b4 Qe7 38. Qc8+ Kh7 39. Qf5+ Kg8 40. Qd5+ Kh8 41. Qc5 Qe4 42. a4 Qd3 43. a5 Qa3 44. Kh2 Qa1 45. Qd6 Qe1 46. a6 Qxf2 47. Qb8+ Kh7 48. a7 f5 49. a8Q 1-0

[Event "Charleroi op"]
[Site "Charleroi"]
[Date "2018.07.29"]
[Round "2"]
[White "Guion, Geoffrey"]
[Black "Hamblok, Roel"]
[Result "1/2-1/2"]
[WhiteElo "1988"]
[BlackElo "2286"]
[PlyCount "67"]
[EventDate "2018.07.28"]
[EventType "swiss"]
[EventRounds "9"]
[EventCountry "BEL"]
[SourceTitle "CBM 185 Extra"]
[Source "ChessBase"]
[SourceDate "2018.07.29"]
[SourceVersion "1"]
[SourceVersionDate "2018.07.29"]
[SourceQuality "1"]

1. e4 c6 2. d4 d5 3. e5 c5 4. dxc5 e6 5. Nf3 Bxc5 6. Bd3 Nc6 7. 0-0 Nge7 8. a3 Ng6 9. b4 Bb6 10. Bb2 Bd7 11. Re1 Qb8 12. b5 Na5 13. Nbd2 0-0 14. Rc1 Qe8 15. a4 Qe7 16. c4 Rfc8 17. g3 Qb4 18. Bc3 Qa3 19. Qe2 Nxc4 20. Nxc4 dxc4 21. Be4 Rc7 22. Qd2 Qe7 23. Bb4 Bc5 24. Rxc4 Bxb4 25. Rxb4 Rac8 26. Rd4 Be8 27. Rd1 Kf8 28. h4 Qc5 29. Bxg6 hxg6 30. Qf4 Qc2 31. Ng5 Qf5 32. Qe3 Rc3 33. R1d3 Rxd3 34. Rxd3 1/2-1/2

[Event "BEL-chT 0708"]
[Site "Belgium"]
[Date "2008.02.17"]
[Round "9.8"]
[White "Guion, Geoffrey"]
[Black "Vajda, Szidonia"]
[Result "0-1"]
[WhiteElo "1893"]
[BlackElo "2418"]
[PlyCount "80"]
[EventDate "2007.09.30"]
[EventType "team-tourn"]
[EventRounds "11"]
[EventCountry "BEL"]
[SourceTitle "EXT 2009"]
[Source "ChessBase"]
[SourceDate "2008.11.26"]
[SourceVersion "1"]
[SourceVersionDate "2008.11.26"]
[SourceQuality "1"]
[WhiteTeam "Namur"]
[BlackTeam "Bredene"]
[WhiteTeamCountry "BEL"]
[BlackTeamCountry "BEL"]

1. e4 e5 2. Nf3 Nc6 3. Bb5 Nf6 4. Nc3 Bd6 5. 0-0 0-0 6. d3 h6 7. a3 Re8 8. h3 Bf8 9. Bc4 d6 10. Re1 Be6 11. Bb5 Bd7 12. Bc4 a6 13. d4 exd4 14. Nxd4 g6 15. f3 Nxd4 16. Qxd4 Bg7 17. Qd1 Nh5 18. Be3 Be5 19. Ne2 Qh4 20. Bf2 Qg5 21. h4 Qf6 22. Qd2 Nf4 23. Nxf4 Bxf4 24. Qd4 Be5 25. Qe3 g5 26. hxg5 hxg5 27. c3 Kg7 28. Kf1 Rh8 29. Ke2 Rh2 30. Rh1 Rah8 31. Rxh2 Rxh2 32. Rg1 Ba4 33. g3 Kh7 34. Bd3 Bd7 35. Ke1 Bxc3+ 36. Ke2 Be5 37. Ke1 Kh6 38. Ke2 c5 39. Ke1 Bd4 40. Qe2 Bxf2+ 0-1

[Event "BEL-ch op"]
[Site "Namur"]
[Date "2007.07.03"]
[Round "4.18"]
[White "Guion, Geoffrey"]
[Black "Krasucki, Youri"]
[Result "0-1"]
[WhiteElo "1787"]
[BlackElo "2012"]
[PlyCount "86"]
[EventDate "2007.06.30"]
[EventType "swiss"]
[EventRounds "9"]
[EventCountry "BEL"]
[SourceTitle "CBM 119 Extra"]
[Source "ChessBase"]
[SourceDate "2007.09.04"]
[SourceVersion "1"]
[SourceVersionDate "2007.09.04"]
[SourceQuality "1"]

1. d4 Nf6 2. Bf4 d5 3. e3 c5 4. c3 Nc6 5. Nf3 Qb6 6. Qb3 c4 7. Qc2 Bf5 8. Qc1 e6 9. Nbd2 Qd8 10. Be2 h6 11. 0-0 Nh5 12. Ne5 Nxf4 13. exf4 Nxe5 14. fxe5 Be7 15. a4 a6 16. a5 b5 17. axb6 Qxb6 18. Bd1 0-0 19. Bc2 Bxc2 20. Qxc2 Rfc8 21. f4 Rab8 22. Ra2 a5 23. f5 Bg5 24. f6 gxf6 25. Nf3 Qb3 26. Qxb3 Rxb3 27. Nxg5 fxg5 28. Rxa5 Rxb2 29. Ra7 Rf8 30. Rf6 Rb3 31. Rxh6 Rxc3 32. Rh5 Rd3 33. Rxg5+ Kh8 34. h4 Rxd4 35. g4 Rb8 36. Rh5+ Kg8 37. Rg5+ Kf8 38. Ra1 c3 39. Rc1 Rd2 40. Rh5 Ke7 41. Ra1 Rb7 42. Kf1 c2 43. Ke1 Rh2 0-1